[Event "Reunion op 14th"]
[Site "St Denis"]
[Date "2012.10.11"]
[Round "7"]
[White "Francois, Robert"]
[Black "Dennemont, Bruno"]
[Result "0-1"]
[WhiteElo "1530"]
[BlackElo "1299"]
[PlyCount "54"]
[EventDate "2012.10.06"]
[EventType "swiss"]
[EventRounds "9"]
[EventCountry "RUF"]
[SourceTitle "EXT 2013"]
[Source "ChessBase"]
[SourceDate "2012.11.22"]
[SourceVersion "1"]
[SourceVersionDate "2012.11.22"]
[SourceQuality "1"]

1. Nf3 Nc6 2. c4 e5 3. d3 Bc5 4. Nc3 Bb4 5. Bd2 Nf6 6. e3 d6 7. Be2 Bg4 8. 0-0 0-0 9. h3 Bd7 10. Qc2 Qc8 11. Kh2 Ne7 12. e4 Ng6 13. Bg5 Nh5 14. Nd5 c5 15. Be7 Re8 16. Bxd6 Nhf4 17. Nc7 Bxh3 18. Nxa8 Bxg2 19. Ng1 Bxf1 20. Bxf1 Qxa8 21. a3 Qd8 22. Nf3 Qxd6 23. axb4 a6 24. Qa4 Rd8 25. bxc5 Qxc5 26. b4 Qxf2+ 27. Bg2 Qxg2# 0-1

[Event "FRA-chT2 East 0809"]
[Site "France"]
[Date "2009.03.15"]
[Round "9.8"]
[White "Francois, Robert"]
[Black "Criqui, Laurence"]
[Result "0-1"]
[WhiteElo "1440"]
[BlackElo "1686"]
[PlyCount "81"]
[EventDate "2008.10.19"]
[EventType "tourn"]
[EventRounds "11"]
[EventCountry "FRA"]
[SourceTitle "EXT 2010"]
[Source "ChessBase"]
[SourceDate "2010.11.25"]
[SourceVersion "1"]
[SourceVersionDate "2010.11.25"]
[SourceQuality "1"]
[WhiteTeam "Obernai"]
[BlackTeam "Gambsheim"]
[WhiteTeamCountry "FRA"]
[BlackTeamCountry "FRA"]

1. b4 e5 2. Bb2 d6 3. Nf3 Nf6 4. e3 Bf5 5. Nc3 Be7 6. d3 0-0 7. Be2 Nbd7 8. Nh4 Be6 9. Bf3 d5 10. a3 c6 11. g3 Re8 12. Qd2 d4 13. exd4 exd4 14. Ne2 Nd5 15. Nxd4 Bxh4 16. gxh4 Bh3+ 17. Kd1 Qxh4 18. c4 Nf4 19. Kc2 Ne5 20. Rae1 Nexd3 21. Rxe8+ Rxe8 22. Ba1 Qxf2 23. Qxf2 Nxf2 24. Rg1 Ng6 25. Kd2 Ne4+ 26. Kc2 Kf8 27. Kb3 Nd2+ 28. Kc3 Nxf3 29. Rg3 Nxd4 30. Rxh3 Ne2+ 31. Kd2 h6 32. Rd3 Nef4 33. Rd7 Rb8 34. Ke3 Ke8 35. Rd2 f6 36. Kf3 Rd8 37. Bd4 b6 38. Be3 Rxd2 39. Bxd2 Ne6 40. Ke4 Ng5+ 41. Kd3 0-1

[Event "FRA-chT2 East 0708"]
[Site "France"]
[Date "2008.04.05"]
[Round "10.8"]
[White "Bellahcene, Bilel"]
[Black "Francois, Robert"]
[Result "1-0"]
[WhiteElo "1685"]
[BlackElo "1470"]
[PlyCount "45"]
[EventDate "2007.10.21"]
[EventType "team-tourn"]
[EventRounds "11"]
[EventCountry "FRA"]
[SourceTitle "EXT 2009"]
[Source "ChessBase"]
[SourceDate "2008.11.26"]
[SourceVersion "1"]
[SourceVersionDate "2008.11.26"]
[SourceQuality "1"]
[WhiteTeam "Bischwiller II"]
[BlackTeam "Obernai"]
[WhiteTeamCountry "FRA"]
[BlackTeamCountry "FRA"]

1. e4 c5 2. Nf3 Qc7 3. Nc3 a6 4. d4 cxd4 5. Nxd4 e5 6. Nd5 Qd8 7. Nf3 Nc6 8. Be3 Nf6 9. Bb6 Nxd5 10. Bxd8 Bb4+ 11. Nd2 Nde7 12. Bxe7 Nxe7 13. c3 Bd6 14. Nc4 Bc7 15. Nd6+ Bxd6 16. Qxd6 f6 17. 0-0-0 b5 18. f4 Nc6 19. Be2 h5 20. f5 Nd8 21. Qd5 Nc6 22. Bxh5+ Kd8 23. Qxc6 1-0